000 00749nam a22002177a 4500
003 OSt
005 20251204110733.0
008 251204b |||||||| |||| 00| 0 eng d
020 _a92-9061-1871.
040 _aDWC-Main lib.
_cOC
082 _aGR. 362.5 In61 2005
110 _aWorld Health Organization
245 _aIntegrating poverty and gender into health programmes :
_ba report on surveys of health ministries and educational institutions/
_cWorld Health Organization
260 _aManila :
_bWHO Press,
_cc2005.
300 _aiv, 48 p. :
_bcolor illustrations ;
_c28 cm.
650 _a1. Education, Professional.
650 _a2. Gender.
650 _a3. National health programs.
650 _a4. Poverty.
942 _2ddc
_cGR
_kGR.
_n0
999 _c6817
_d6817